000
00298nam a22001337a 4500
008
181017b xxu||||| |||| 00| 0 eng d
020
_a
9780132380614
041
_a
eng
080
_2
8 ed
_a
573
100
_a
11
101
_a
BIO
245
_a
Biology Life ON Earth
_c
Byers.A
942
_2
udc
_c
BK
999
_c
50032
_d
50032